| 000 | 00615nam a2200181 a 4500 | ||
|---|---|---|---|
| 001 | 000003058 | ||
| 005 | 20260309102801.0 | ||
| 008 | 090706s2005 dr 000 0 spa d | ||
| 040 |
_aDO-SdBNP _bspa _cBNPHU |
||
| 082 |
_a340.072 _bR758g |
||
| 100 | 1 |
_aRomán R., Rafael Antonio _99661 |
|
| 245 | 1 | 0 |
_aGuía de investigación jurídica / _cRafael Antonio Román R. |
| 260 |
_aSanto Domingo : _bWest Printing Service, _c2005. |
||
| 300 |
_a160 p. ; _c21 cm. |
||
| 500 | _aIncluye datos biográficos del autor en las solapas | ||
| 504 | _aIncluye bibliografías (p. 157-159) | ||
| 650 | 0 |
_aInvestigación jurídica _99662 |
|
| 999 |
_c2889 _d2889 |
||